00582cam a22001451 4500040000900000082002700009100001700036245003800053260016700091300005000258650001800308650001000326710006100336710003900397 cWGrU a636 PUB 1967 A106 Or.1 aMason, I. L.10aSheep breeds of the Mediterranean aFarnham Royal (Bucks),bpublished by arrangement with the Food and Agriculture Organization of the United Nations by the Commonwealth Agricultural Bureauxc[1967] axix, 215 p.b80 plates, maps, tables.c26 cm. 0aSheep breeds. 0aSheep2 aFood and Agriculture Organization of the United Nations.2 aCommonwealth Agricultural Bureaux.